El juego y los juegos (Registro nro. 5680)
[ vista simple ]
| 000 -CABECERA | |
|---|---|
| campo de control de longitud fija | 00592ata a2200229 4500 |
| 005 - FECHA Y HORA DE ACTUALIZACIÓN | |
| campo de control | 20160926173135.0 |
| 008 - LONGITUD FIJA | |
| campo de control de longitud fija | 150519b xxu||||| |||| 00| 0 spa d |
| 041 ## - IDIOMA | |
| Código de idioma del texto/pista de sonido o título separado | |
| 082 ## - CLASIFICACIÓN DECIMAL DEWEY | |
| Número de clasificación | 371.39 M843j |
| 100 ## - AUTOR PERSONAL | |
| Nombre de persona | Moreno, Ines |
| 245 ## - TÍTULO PROPIAMENTE DICHO | |
| Título | El juego y los juegos |
| 260 ## - PIE DE IMPRENTA | |
| Lugar de publicación, distribución, etc. | Argentina |
| Nombre del editor, distribuidor, etc. | Lumen |
| Fecha de publicación, distribución, etc. | 2005 |
| 300 ## - DESCRIPCIÓN FÍSICA | |
| Extensión | 352 páginas |
| 650 ## - Materia General | |
| Materia general | APRENDIZAJE |
| 650 ## - Materia General | |
| Materia general | JUEGOS |
| 650 ## - Materia General | |
| Materia general | JUEGOS DE COMUNICACIÓN |
| 650 ## - Materia General | |
| Materia general | DINÁMICA DE GRUPOS |
| 650 ## - Materia General | |
| Materia general | VALORES |
| 650 ## - Materia General | |
| Materia general | JUEGOS GRUPALES |
| 650 ## - Materia General | |
| Materia general | SALUD |
| 942 ## - Punto de Acceso Adicional Koha | |
| Tipo de ítem Koha | Libro |
| Estado perdido | Estado dañado | No para préstamo | Biblioteca permanente | Biblioteca actual | Signatura completa | Código de barras | Precio efectivo a partir del | Tipo de ítem |
|---|---|---|---|---|---|---|---|---|
| Departamento de Biblioteca y Documentación Alfonso Chase Brenes | Departamento de Biblioteca y Documentación Alfonso Chase Brenes | 371.39 M843j | 14743 | 26/09/2016 | Libro |